000 00609cam a22001577a 4500
008 180718b2009 xxu||||| |||| 00| 0 eng d
082 _aB3x54 P213
100 _aPardhasaradhi, Y.
245 _aE-governance and Indian society: an impact study of Andhra Pradesh, Karnataka and Kerala
_cby Y. Pardhasaradhi, Rakesh Chetal and Namita Gupta
260 _aNew Delhi
_bKanishka
_c2009
300 _a9788184571080
650 _aInternet in public administration --Social aspects --India --Case studies
650 _aInternet in public administration --India
700 _aGupta, Namita
700 _aChetal, Rakesh
999 _c441146
_d441146